[Event "Mumbai Wealth op 7th"]
[Site "Mumbai"]
[Date "2022.12.31"]
[Round "9"]
[White "Kulkarni, Vikramaditya"]
[Black "Aditya, Saxena"]
[Result "1-0"]
[WhiteElo "2279"]
[BlackElo "1417"]
[PlyCount "67"]
[EventDate "2022.12.26"]
[EventType "swiss"]
[EventRounds "9"]
[EventCountry "IND"]
[SourceTitle "EXT 2024"]
[Source "ChessBase"]
[SourceDate "2023.10.10"]
[SourceVersion "1"]
[SourceVersionDate "2023.10.10"]
[SourceQuality "1"]

1. e4 c5 2. Nf3 g6 3. c3 Bg7 4. d4 cxd4 5. cxd4 d5 6. e5 Nh6 7. h3 0-0 8. Bd3 Nc6 9. Nc3 Bf5 10. Bxh6 Bxh6 11. Bxf5 gxf5 12. g4 e6 13. g5 Bg7 14. Kf1 Ne7 15. Ne2 Rc8 16. Qd2 Ng6 17. Kg2 Re8 18. Rac1 Re7 19. Rxc8 Qxc8 20. Rc1 Rc7 21. Rxc7 Qxc7 22. Ng3 Bf8 23. Nh5 Qc6 24. h4 Be7 25. Nf6+ Kg7 26. h5 Nf8 27. Ne1 Bd8 28. Qb4 Nd7 29. Nf3 h6 30. gxh6+ Kxh6 31. Qd2+ Kg7 32. Qg5+ Kf8 33. Qg8+ Ke7 34. Qe8# 1-0